000 00532nam a2200229Ia 4500
003 OSt
005 20220912153111.0
006 a|||||r|||| 00| 0
007 ta
008 220909b |||||||| |||| 00| 0 eng d
024 _a21194
037 _cTextual
040 _aCSL
_beng
_cCSL
041 _aeng
082 _aU21, K92
100 _aRobinson Harry
245 0 _aMorphology and landscape
260 _c1969
300 _ap.
_ccm.
942 _hU21, K92
_cTEXL
_2CC
999 _c98062
_d98062